Contributions to the theory of partial differential equations (Record no. 2458)

MARC details
000 -LEADER
fixed length control field 00698nam a2200217Ia 4500
003 - CONTROL NUMBER IDENTIFIER
control field IN-BaIIA
008 - FIXED-LENGTH DATA ELEMENTS--GENERAL INFORMATION
fixed length control field 211028s9999 xx 000 0 eng d
040 ## - CATALOGING SOURCE
Transcribing agency IIA Library
080 ## - UNIVERSAL DECIMAL CLASSIFICATION NUMBER
Universal Decimal Classification number 517.95
Item number BER
100 ## - MAIN ENTRY--PERSONAL NAME
Personal name Bergman, S.
9 (RLIN) 4389
245 #0 - TITLE STATEMENT
Title Contributions to the theory of partial differential equations
Statement of responsibility, etc. S. Bergman…[et al.]
260 ## - PUBLICATION, DISTRIBUTION, ETC.
Place of publication, distribution, etc. Princeton
Name of publisher, distributor, etc. Princeton University Press
Date of publication, distribution, etc. 1954
300 ## - PHYSICAL DESCRIPTION
Extent v, 257p.
490 ## - SERIES STATEMENT
Series statement Annals of Mathematics Studies no.33
650 ## - SUBJECT ADDED ENTRY--TOPICAL TERM
Topical term or geographic name entry element NASA Thesaurus
650 ## - SUBJECT ADDED ENTRY--TOPICAL TERM
Topical term or geographic name entry element Partial Differential Equations
700 ## - ADDED ENTRY--PERSONAL NAME
Personal name Bers, L.
9 (RLIN) 4390
700 ## - ADDED ENTRY--PERSONAL NAME
Personal name Bochner, S.
9 (RLIN) 4391
700 ## - ADDED ENTRY--PERSONAL NAME
Personal name John, F.
9 (RLIN) 4392
942 ## - ADDED ENTRY ELEMENTS (KOHA)
Koha item type Books
Holdings
Withdrawn status Lost status Damaged status Not for loan Home library Current library Shelving location Date acquired Cost, normal purchase price Total Checkouts Full call number Barcode Date last seen Cost, replacement price Price effective from Koha item type Purchase Price
        IIA Library-Bangalore IIA Library-Bangalore General Stacks 22/06/1965 18.00   517.95/ BER 2745 05/11/2021 18.00 22/06/1965 Books Rs. 18.00

Powered by Koha